| 000 | 00665nam a2200217 a 4500 | ||
|---|---|---|---|
| 005 | 20210219152849.0 | ||
| 008 | 991125n 000 0 eng u | ||
| 035 | _aUPN01000063931 | ||
| 100 | _aSpekman, Nancy J. | ||
| 222 | _aLEARNING DISABILITIES RESEARCH AND PRACTICE | ||
| 245 | _aAn exploration of risk and resilience in the lives of individuals with learning disabilities | ||
| 300 | _a11-18 | ||
| 362 | _a1993 8, no. 1 | ||
| 653 | 0 | _aEDUCACION ESPECIAL | |
| 653 | 0 | _aHABILIDAD | |
| 653 | 0 | _aPROBLEMAS DE APRENDIZAJE | |
| 700 | _aGoldberg, Roberta J., coaut. | ||
| 700 | _aHerman, Kenneth L., coaut. | ||
| 904 |
_aAC _b001742 |
||
| 905 | _aArticulo | ||
| 999 |
_c62338 _d62338 |
||